[Event "World Rapid 2025"]
[Site "Doha QAT"]
[Date "2025.12.26"]
[Round "1.25"]
[White "Praggnanandhaa, R"]
[Black "Tsaruk, Maksim"]
[Result "1-0"]
[WhiteTitle "GM"]
[BlackTitle "GM"]
[WhiteElo "2761"]
[BlackElo "2515"]
[WhiteFideId "25059530"]
[BlackFideId "13511173"]
[EventDate "2025.12.26"]
[EventType "rapid"]

1. e4 e5 2. Nf3 Nc6 3. Bb5 a6 4. Ba4 d6 5. O-O Nf6 6. Re1 g6 7. d4 b5 8. Bb3 Bg4
9. c3 Bg7 10. Be3 O-O 11. Nbd2 a5 12. a3 a4 13. Ba2 Rb8 14. h3 Bd7 15. Rc1 Nh5
16. Nf1 Kh8 17. Qd2 Qe8 18. Rcd1 Rd8 19. Bh6 Qe7 20. Bxg7+ Kxg7 21. Ne3 Rde8 22.
dxe5 Nxe5 23. Nxe5 Qxe5 24. Nd5 c6 25. f4 Qe6 26. Nb6 Qe7 27. Qxd6 Qxd6 28. Rxd6
Be6 29. Bxe6 Rxe6 30. Rxe6 fxe6 31. Nd7 Rd8 32. Nc5 Nxf4 33. Rf1 Ne2+ 34. Kf2
Rd2 35. Ke1 Ng3 36. Nxe6+ Kh6 37. Kxd2 Nxf1+ 38. Kd3 g5 39. Nd4 g4 40. hxg4 Kg5
41. e5 c5 42. Nxb5 c4+ 43. Kxc4 Ne3+ 44. Kc5 Kxg4 45. e6 Nf5 46. Nd4 Ng7 47. e7
h5 48. Ne2 h4 49. Kd6 Kf5 50. c4 Ke4 51. c5 Ke3 52. c6 1-0

[Event "World Rapid 2025"]
[Site "Doha QAT"]
[Date "2025.12.26"]
[Round "1.26"]
[White "Gholami Orimi, Mahdi"]
[Black "Radjabov, Teimour"]
[Result "0-1"]
[WhiteTitle "GM"]
[BlackTitle "GM"]
[WhiteElo "2515"]
[BlackElo "2692"]
[WhiteFideId "12558486"]
[BlackFideId "13400924"]
[EventDate "2025.12.26"]
[EventType "rapid"]

1. d4 Nf6 2. c4 e6 3. Nc3 d5 4. cxd5 exd5 5. Bg5 Be7 6. e3 h6 7. Bh4 O-O 8. Bd3
Re8 9. Nge2 c6 10. h3 Nbd7 11. a4 a5 12. O-O Nh5 13. Bxe7 Qxe7 14. g4 Nhf6 15.
Ng3 Nf8 16. Qd2 N8h7 17. Rae1 Ng5 18. Kg2 Nfe4 19. Qd1 Nxg3 20. Kxg3 Ne4+ 21.
Bxe4 dxe4 22. f4 exf3 23. Qxf3 Be6 24. Qf4 Rad8 25. h4 Bc4 26. Rh1 Rd6 27. g5
Rg6 28. Kf3 hxg5 29. hxg5 Qxg5 30. Qxg5 Rxg5 31. e4 Rd8 32. Rd1 f6 33. Rd2 Kf7
34. Kf4 Be6 35. d5 cxd5 36. exd5 Rf5+ 37. Kg3 Bxd5 38. Rhd1 Rf3+ 39. Kg4 f5+ 40.
Kg5 Rd6 0-1

[Event "World Rapid 2025"]
[Site "Doha QAT"]
[Date "2025.12.26"]
[Round "1.27"]
[White "Sevian, Samuel"]
[Black "Saraci, Nderim"]
[Result "1-0"]
[WhiteTitle "GM"]
[BlackTitle "IM"]
[WhiteElo "2688"]
[BlackElo "2461"]
[WhiteFideId "2040506"]
[BlackFideId "6351921"]
[EventDate "2025.12.26"]
[EventType "rapid"]

1. e4 e5 2. Nf3 Nc6 3. Bc4 Bc5 4. c3 Nf6 5. d3 d6 6. Bg5 h6 7. Bh4 a6 8. Nbd2
Ba7 9. O-O Qe7 10. a4 g5 11. Bg3 Bg4 12. h3 Bc8 13. b4 Nh5 14. Kh1 Nxg3+ 15.
fxg3 O-O 16. Nh2 Kg7 17. Qh5 f5 18. exf5 Rxf5 19. Ng4 1-0

[Event "World Rapid 2025"]
[Site "Doha QAT"]
[Date "2025.12.26"]
[Round "1.28"]
[White "Bilguun, Sumiya"]
[Black "Wojtaszek, Radoslaw"]
[Result "1-0"]
[WhiteTitle "GM"]
[BlackTitle "GM"]
[WhiteElo "2442"]
[BlackElo "2667"]
[WhiteFideId "4901541"]
[BlackFideId "1118358"]
[EventDate "2025.12.26"]
[EventType "rapid"]

1. e4 c6 2. d4 d5 3. exd5 cxd5 4. Bd3 Nc6 5. c3 e6 6. Bf4 Bd6 7. Bxd6 Qxd6 8.
Nf3 Nge7 9. O-O O-O 10. Re1 Bd7 11. Nbd2 f6 12. Rc1 Be8 13. c4 Bf7 14. a3 a5 15.
cxd5 exd5 16. Nf1 Bh5 17. Ng3 Bg6 18. h4 Qf4 19. h5 Bf7 20. Qd2 Qxd2 21. Nxd2
Nc8 22. h6 g6 23. Nb3 Nd6 24. Nc5 Rfe8 25. Rxe8+ Bxe8 26. Ne2 Ne7 27. Nxb7 Nxb7
28. Rc7 Kf8 29. Rxb7 Bf7 30. b4 axb4 31. axb4 Ng8 32. b5 Ra3 33. Rb8+ Ke7 34.
Nf4 g5 35. Bxh7 Nxh6 36. Nd3 f5 37. Ne5 Be6 38. f3 Rb3 39. Bg6 f4 40. b6 Nf5 41.
Bxf5 Bxf5 42. b7 Bb1 43. Rg8 1-0

[Event "World Rapid 2025"]
[Site "Doha QAT"]
[Date "2025.12.26"]
[Round "1.29"]
[White "Robson, Ray"]
[Black "Isanzhulov, Arystan"]
[Result "1-0"]
[WhiteTitle "GM"]
[BlackTitle "IM"]
[WhiteElo "2650"]
[BlackElo "2419"]
[WhiteFideId "2023970"]
[BlackFideId "13711644"]
[EventDate "2025.12.26"]
[EventType "rapid"]

1. d4 Nf6 2. c4 e6 3. Nc3 Bb4 4. e3 O-O 5. Bd3 Re8 6. Nf3 d6 7. O-O Nbd7 8. Ne4
Nxe4 9. Bxe4 c5 10. Qc2 Nf6 11. Bd3 h6 12. h3 Ba5 13. dxc5 dxc5 14. e4 e5 15.
Be3 Nd7 16. a3 Qe7 17. Rfd1 Nb8 18. b4 Bb6 19. b5 Nd7 20. a4 Nf8 21. Be2 Bc7 22.
Nh2 Ne6 23. Bg4 Nd4 24. Qa2 Qh4 25. g3 Qf6 26. Bxd4 exd4 27. Re1 Bxg4 28. Nxg4
Qg6 29. Qc2 Re7 30. a5 Rae8 31. Nh2 h5 32. Nf3 Rxe4 33. Rxe4 Rxe4 34. b6 axb6
35. axb6 Bd6 36. Ra7 h4 37. Kg2 hxg3 38. Ng5 Qxg5 39. Qxe4 gxf2+ 40. Kxf2 Qg3+
41. Ke2 Qh2+ 42. Kd1 Qg1+ 43. Ke2 Qh2+ 44. Kd1 Qg1+ 45. Qe1 Qg2 46. Ra8+ Kh7 47.
Qh4+ Kg6 48. Qg4+ Qxg4+ 49. hxg4 Kg5 50. Ra7 Kxg4 51. Rxb7 f5 52. Rxg7+ Kf3 53.
b7 Ke4 54. Rd7 Bg3 55. Ke2 1-0

[Event "World Rapid 2025"]
[Site "Doha QAT"]
[Date "2025.12.26"]
[Round "1.30"]
[White "Xiao, Tong(QD)"]
[Black "Esipenko, Andrey"]
[Result "0-1"]
[WhiteTitle "GM"]
[BlackTitle "GM"]
[WhiteElo "2555"]
[BlackElo "2698"]
[WhiteFideId "8622388"]
[BlackFideId "24175439"]
[EventDate "2025.12.26"]
[EventType "rapid"]

1. e4 e5 2. Nf3 Nc6 3. Bb5 a6 4. Ba4 Nf6 5. O-O Be7 6. Re1 b5 7. Bb3 d6 8. c3
O-O 9. h3 Nb8 10. d4 Nbd7 11. Nbd2 Bb7 12. Bc2 Re8 13. b3 Bf8 14. Bb2 g6 15. a4
Bg7 16. Bd3 c6 17. c4 exd4 18. Bxd4 c5 19. Bb2 b4 20. Qc2 Nh5 21. Rad1 Nf4 22.
Bf1 Bxb2 23. Qxb2 Qf6 24. Qxf6 Nxf6 25. g3 Ne6 26. Re3 Rad8 27. Bg2 Nd7 28. Nf1
Ne5 29. N1h2 Kg7 30. h4 Nc6 31. Rd2 Re7 32. Kf1 Ned4 33. Nxd4 Nxd4 34. Nf3 Nxf3
35. Bxf3 f5 36. e5 Bxf3 37. Rxf3 Rxe5 38. Rfd3 d5 39. Rxd5 Rexd5 40. cxd5 Kf6
41. f4 Ke7 42. Ke1 Kd6 43. Re2 Rb8 44. Re5 c4 45. Kd2 cxb3 46. Kc1 Rc8+ 47. Kb2
a5 48. h5 Rc2+ 49. Kxb3 Rc3+ 50. Kb2 Rxg3 51. Re6+ Kxd5 52. Ra6 Ke4 53. hxg6
hxg6 54. Rxa5 Ra3 55. Ra6 Kxf4 56. Rxg6 Rxa4 57. Kb3 Ra8 58. Kxb4 Rc8 59. Rg1
Ke3 60. Re1+ Kf2 0-1

[Event "World Rapid 2025"]
[Site "Doha QAT"]
[Date "2025.12.26"]
[Round "1.31"]
[White "Le, Quang Liem"]
[Black "Lobanov, Sergei"]
[Result "1/2-1/2"]
[WhiteTitle "GM"]
[BlackTitle "GM"]
[WhiteElo "2731"]
[BlackElo "2527"]
[WhiteFideId "12401137"]
[BlackFideId "24183750"]
[EventDate "2025.12.26"]
[EventType "rapid"]

1. d4 d5 2. c4 e6 3. Nf3 Nf6 4. g3 Bb4+ 5. Bd2 Be7 6. Bg2 O-O 7. O-O Nbd7 8. Qc2
c6 9. Bf4 a5 10. Rd1 a4 11. h4 h6 12. a3 Qa5 13. Nbd2 Nh5 14. Be5 f6 15. Bf4 e5
16. dxe5 Nxf4 17. gxf4 fxe5 18. fxe5 d4 19. Qe4 Nc5 20. Qxd4 Bf5 21. Qe3 Rae8
22. b4 axb3 23. Nxb3 Nxb3 24. Qxb3 Qa7 25. Rd2 Bg4 26. Rf1 Bc5 27. a4 Rf4 1/2-1/2

[Event "World Rapid 2025"]
[Site "Doha QAT"]
[Date "2025.12.26"]
[Round "1.32"]
[White "Iniyan, Pa"]
[Black "Jobava, Baadur"]
[Result "0-1"]
[WhiteTitle "GM"]
[BlackTitle "GM"]
[WhiteElo "2598"]
[BlackElo "2568"]
[WhiteFideId "25002767"]
[BlackFideId "13601520"]
[EventDate "2025.12.26"]
[EventType "rapid"]

1. d4 d5 2. c4 c6 3. Nf3 Nf6 4. Nc3 dxc4 5. a4 Bf5 6. Nh4 g6 7. Nxf5 gxf5 8. e3
e6 9. Bxc4 Nbd7 10. a5 a6 11. f3 Qc7 12. e4 O-O-O 13. exf5 e5 14. Bxf7 exd4 15.
Qxd4 Bc5 16. Qf4 Ne5 17. Be6+ Kb8 18. Ke2 Rd4 19. Qh6 Neg4 20. fxg4 Nxg4 21. Qh3
Qe5+ 22. Kf1 Rhd8 23. Qf3 Nxh2+ 24. Rxh2 Qxh2 25. Ke2 Qe5+ 26. Kf1 Rd3 27. Qe4
Rd1+ 28. Ke2 Re1+ 29. Kf3 Rxe4 30. Nxe4 Rd3+ 0-1

[Event "World Rapid 2025"]
[Site "Doha QAT"]
[Date "2025.12.26"]
[Round "1.33"]
[White "Murzin, Volodar"]
[Black "Erdogmus, Yagiz Kaan"]
[Result "1-0"]
[WhiteTitle "GM"]
[BlackTitle "GM"]
[WhiteElo "2648"]
[BlackElo "2658"]
[WhiteFideId "44155573"]
[BlackFideId "44599790"]
[EventDate "2025.12.26"]
[EventType "rapid"]

1. d4 Nf6 2. Nf3 g6 3. Bg5 Bg7 4. Nbd2 O-O 5. e4 d5 6. exd5 Nxd5 7. c3 c5 8.
dxc5 Qc7 9. Bc4 Qxc5 10. O-O Nb6 11. Bb3 Nc6 12. Re1 Bg4 13. Be3 Qa5 14. h3 Bf5
15. Qe2 Rad8 16. Nc4 Nxc4 17. Qxc4 Be6 18. Qa4 Qxa4 19. Bxa4 Rb8 20. Bf4 Rbc8
21. Ng5 Bd5 22. Bxc6 Rxc6 23. Rxe7 Rb6 24. Re2 Ra6 25. a3 h6 26. Nf3 Rf6 27. Be3
Bxf3 28. gxf3 Rxf3 29. Kg2 Rf6 30. Bxa7 Ra6 31. Bc5 Rd8 32. Rae1 Rd5 33. Re8+
Kh7 34. Be3 Bf6 35. Re2 g5 36. Rb8 Rd7 37. Rd2 Rxd2 38. Bxd2 Rb6 39. b4 Be5 40.
Re8 f6 41. c4 Ra6 42. Re7+ Kg6 43. Bc1 Rc6 44. Rxb7 Rxc4 45. Be3 Rc3 46. a4 f5
47. Rb6+ Kf7 48. Bc5 h5 49. f3 Rc2+ 50. Kf1 Rc3 51. Ke2 Rc2+ 52. Kd1 Ra2 53. a5
g4 54. fxg4 hxg4 55. hxg4 fxg4 56. a6 g3 57. Rb7+ Kf6 58. a7 g2 59. Rd7 Bc3 60.
Rd8 Bxb4 61. Bd4+ Ke6 62. a8=Q 1-0

[Event "World Rapid 2025"]
[Site "Doha QAT"]
[Date "2025.12.26"]
[Round "1.34"]
[White "Samunenkov, Ihor"]
[Black "Bortnyk, Olexandr"]
[Result "0-1"]
[WhiteTitle "GM"]
[BlackTitle "GM"]
[WhiteElo "2584"]
[BlackElo "2601"]
[WhiteFideId "14187086"]
[BlackFideId "14120828"]
[EventDate "2025.12.26"]
[EventType "rapid"]

1. d4 Nf6 2. c4 g6 3. g3 Bg7 4. Bg2 d6 5. Nc3 O-O 6. Nf3 a5 7. O-O Nc6 8. b3 Bf5
9. Bb2 Qc8 10. Qd2 Re8 11. d5 Nb4 12. Nd4 Bh3 13. e4 Bxg2 14. Kxg2 Na6 15. Rfe1
Nc5 16. e5 dxe5 17. Rxe5 Nh5 18. Rae1 Bxe5 19. Rxe5 f6 20. Re2 e5 21. dxe6 Nxe6
22. Nxe6 Rxe6 23. Nd5 Kf7 24. g4 c6 25. gxh5 Rxe2 26. Qxe2 cxd5 27. hxg6+ hxg6
28. cxd5 Qf5 29. Qb5 Rd8 30. Qxb7+ Rd7 31. Qc6 Qxd5+ 32. Qxd5+ Rxd5 33. Bc3 Rc5
34. Bd2 Rc2 35. Bxa5 Rxa2 36. b4 Rb2 37. h4 Ke6 38. Kg3 Kf5 39. f3 Rb3 40. Kf2
Rc3 41. Kg3 Rc4 42. b5 Rc5 43. Bb6 Rxb5 44. Bd4 Rb3 45. Bc5 Rc3 46. Bd4 Rd3 47.
Bb6 Rd1 48. Bc5 Ke5 49. Ba3 Rg1+ 50. Kf2 Rb1 51. Be7 Rb7 52. Bd8 Rd7 53. Bb6 Kd5
54. Ba5 Kc4 55. Bb6 Kd3 56. Ba5 Rd4 57. Kg3 Ke2 58. f4 f5 59. Bc7 Rd3+ 60. Kg2
Ke3 61. Be5 Ke4 62. Bc7 Rf3 0-1

[Event "World Rapid 2025"]
[Site "Doha QAT"]
[Date "2025.12.26"]
[Round "1.35"]
[White "Martinez Alcantara, Jose Eduardo"]
[Black "Salinas Herrera, Pablo"]
[Result "1-0"]
[WhiteTitle "GM"]
[BlackTitle "GM"]
[WhiteElo "2667"]
[BlackElo "2473"]
[WhiteFideId "3805662"]
[BlackFideId "3407128"]
[EventDate "2025.12.26"]
[EventType "rapid"]

1. b3 d5 2. Bb2 Bf5 3. Nf3 e6 4. g3 h6 5. Bg2 Nf6 6. d3 Be7 7. O-O O-O 8. Nbd2
Bh7 9. Re1 c6 10. e4 a5 11. a3 Qb6 12. Qe2 Nbd7 13. Rab1 Qa6 14. a4 Rfc8 15. Nd4
Bb4 16. Rbd1 Rab8 17. c3 Bf8 18. c4 e5 19. N4f3 d4 20. Bh3 Re8 21. Ra1 b5 22.
axb5 cxb5 23. cxb5 Rxb5 24. Ba3 Bxa3 25. Rxa3 Nc5 26. Rea1 a4 27. Bf1 Nfd7 28.
bxa4 Rb4 29. Qd1 f5 30. a5 Kh8 31. exf5 Bxf5 32. Ne1 Nf6 33. Rc1 Rb5 34. Nc4 Qe6
35. Nf3 Na6 36. Rb3 Reb8 37. Rcb1 Rxb3 38. Rxb3 Nd7 39. Rxb8+ Naxb8 40. Qb3 Na6
41. Qb5 Nac5 42. Ncxe5 Nxe5 43. Qb8+ Qc8 44. Qxc8+ Bxc8 45. Nxe5 Nb3 46. Nc6 Bb7
47. Bg2 Bxc6 48. Bxc6 Nxa5 49. Bd5 1-0

[Event "World Rapid 2025"]
[Site "Doha QAT"]
[Date "2025.12.26"]
[Round "1.36"]
[White "Aditya, Mittal"]
[Black "Sarana, Alexey"]
[Result "0-1"]
[WhiteTitle "GM"]
[BlackTitle "GM"]
[WhiteElo "2624"]
[BlackElo "2673"]
[WhiteFideId "35042025"]
[BlackFideId "24133795"]
[EventDate "2025.12.26"]
[EventType "rapid"]

1. d4 Nf6 2. c4 e6 3. Nc3 d5 4. cxd5 exd5 5. Bg5 Be7 6. e3 c6 7. Bd3 Nbd7 8. Nf3
Ne4 9. Bf4 Ndf6 10. O-O O-O 11. Ne5 Bd6 12. h3 Re8 13. Ne2 h6 14. Qc2 Qc7 15.
Bh2 c5 16. f3 Ng5 17. Bb5 Re7 18. dxc5 Bxe5 19. f4 Bd6 20. Rac1 Bxc5 21. Qxc5
Qxc5 22. Rxc5 Nge4 23. Rcc1 Nd6 24. Nd4 Rxe3 25. f5 Nxb5 26. Nxb5 Bd7 27. Nd6
Bc6 28. b4 a6 29. a4 d4 30. Rcd1 d3 31. Bf4 Re2 32. Rf2 Nd5 33. b5 axb5 34. axb5
Rxf2 35. Kxf2 Nxf4 36. bxc6 bxc6 37. Kf3 Ra4 38. Ne4 Nxg2 39. f6 Nh4+ 40. Kf4
g5+ 41. Ke5 Nf3+ 42. Kf5 d2 43. Rb1 Rd4 44. Rb8+ Kh7 45. Rb7 Nh4+ 0-1

[Event "World Rapid 2025"]
[Site "Doha QAT"]
[Date "2025.12.26"]
[Round "1.37"]
[White "Keymer, Vincent"]
[Black "Agmanov, Zhandos"]
[Result "1-0"]
[WhiteTitle "GM"]
[BlackTitle "IM"]
[WhiteElo "2776"]
[BlackElo "2471"]
[WhiteFideId "12940690"]
[BlackFideId "13708309"]
[EventDate "2025.12.26"]
[EventType "rapid"]

1. d4 Nf6 2. Nf3 d5 3. e3 e6 4. Nbd2 b6 5. b3 Bb7 6. Bb2 Be7 7. Bb5+ c6 8. Bd3
c5 9. O-O O-O 10. a3 Nbd7 11. Qe2 Ne4 12. Rfd1 f5 13. c4 Bd6 14. Ne5 Qe7 15.
Nxd7 Qxd7 16. Nf3 Qe7 17. Ne5 cxd4 18. exd4 Bxe5 19. dxe5 Nc5 20. Bc2 dxc4 21.
bxc4 Rad8 22. f3 Rxd1+ 23. Rxd1 Rd8 24. Bd4 Ba6 25. h3 Nb7 26. g4 fxg4 27. hxg4
g6 28. Qe3 Bxc4 29. Kg2 Bd5 30. Rh1 Rf8 31. Rh3 Nc5 32. Bd1 Qf7 33. Kg3 Nd7 34.
Rh2 Nb8 35. a4 Nc6 36. Bb2 Na5 37. Bc3 Nc4 38. Qg5 Qb7 39. Bb4 Re8 40. Bc2 Qf7
41. Qf6 a5 42. Bc3 Rf8 43. Qxf7+ Rxf7 44. f4 Ne3 45. Bd3 Bc6 46. Bd4 Nd5 47. f5
gxf5 48. gxf5 Rg7+ 49. Kh4 Nf4 50. f6 Rd7 51. Be3 Ng2+ 52. Rxg2+ Bxg2 53. Bb5
Rb7 54. Kg5 Be4 55. Kf4 Bg6 56. Kg5 Kf7 57. Bf2 Rb8 58. Be3 Bf5 59. Kh4 Rg8 60.
Bxb6 Rg4+ 61. Kh5 Rg3 62. Bxa5 h6 63. Kxh6 Bg6 64. Bc7 Rc3 65. Bd6 Bd3 66. Bd7
Bc4 67. a5 Rg3 68. Bc6 Rg6+ 69. Kh5 Be2+ 70. Kh4 Rg4+ 71. Kh3 Rg1 72. Bb7 Ra1
73. Bc7 Bb5 74. Kg3 Ra4 75. Kf3 Bc4 76. Ke3 Bb5 77. Bb6 Bf1 78. Bf3 Ra3+ 79. Kf2
Bd3 80. Bb7 Bc4 81. Ke1 Ra2 82. Bf3 Bd3 83. Bh5+ Bg6 84. Be2 Rb2 85. Bc5 Rc2 86.
Bd4 Ra2 87. a6 Be4 88. Bh5+ Bg6 89. Bxg6+ Kxg6 90. a7 Ra4 91. Bc5 Ra2 92. Kd1
Kf7 93. Kc1 Ra5 94. Bb6 Ra4 95. Kc2 1-0

[Event "World Rapid 2025"]
[Site "Doha QAT"]
[Date "2025.12.26"]
[Round "1.38"]
[White "Begmuratov, Khumoyun"]
[Black "Grandelius, Nils"]
[Result "0-1"]
[WhiteTitle "IM"]
[BlackTitle "GM"]
[WhiteElo "2451"]
[BlackElo "2664"]
[WhiteFideId "14210207"]
[BlackFideId "1710400"]
[EventDate "2025.12.26"]
[EventType "rapid"]

1. e4 c6 2. d4 d5 3. Nc3 dxe4 4. Nxe4 Nf6 5. Nxf6+ exf6 6. c3 Bd6 7. Bd3 O-O 8.
Ne2 Re8 9. O-O Nd7 10. Ng3 Nf8 11. f4 Bd7 12. f5 c5 13. Qg4 cxd4 14. cxd4 Bxg3
15. Qxg3 Bc6 16. Rf4 Qd6 17. Bd2 Rad8 18. Raf1 Rd7 19. Qh4 Rde7 20. Kh1 Kh8 21.
Rg4 Nd7 22. Bf4 Qd5 23. Qg3 g6 24. fxg6 fxg6 25. Bd2 Bb5 26. Rgf4 Bxd3 27. Qxd3
Re2 28. R4f3 Kg8 29. Bc3 R8e4 30. h3 a6 31. a4 Re6 32. Rg3 Kf7 33. a5 f5 34. Bb4
Nf6 35. Rgf3 Rxb2 36. Qc3 Ree2 37. Ba3 Rbc2 38. Qb4 Qd7 39. Qf8+ Ke6 40. Rb1 Nd5
41. Bc5 Rxg2 42. Qg8+ Kf6 43. Qh8+ Kg5 44. Qe5 Rh2+ 45. Kg1 Rcg2+ 46. Kf1 Kh5
47. Rg3 Rxg3 48. Qxg3 Rh1+ 49. Kf2 Rxb1 50. Bf8 0-1

[Event "World Rapid 2025"]
[Site "Doha QAT"]
[Date "2025.12.26"]
[Round "1.39"]
[White "Ponomariov, Ruslan"]
[Black "Gan-Erdene, Sugar"]
[Result "1/2-1/2"]
[WhiteTitle "GM"]
[BlackTitle "IM"]
[WhiteElo "2639"]
[BlackElo "2444"]
[WhiteFideId "14103320"]
[BlackFideId "4902980"]
[EventDate "2025.12.26"]
[EventType "rapid"]

1. Nf3 d5 2. b3 Nf6 3. Bb2 g6 4. c4 c6 5. g3 Bg7 6. Bg2 O-O 7. O-O a5 8. Nc3 Bf5
9. Rc1 Ne4 10. Na4 Bxb2 11. Nxb2 Qd6 12. d3 Nf6 13. Qd2 Bg4 14. Rc2 Bxf3 15.
Bxf3 Nbd7 16. cxd5 cxd5 17. Rfc1 Ne5 18. Na4 Nc6 19. Rc5 e6 20. Rb5 Rab8 21. Qc3
Nd7 22. Nc5 Nxc5 23. Rxc5 Rfc8 24. a3 Qd8 25. d4 Ne7 26. e3 b6 27. Rc7 Qd6 28.
b4 axb4 29. axb4 Kg7 30. Be2 Ra8 31. Bb5 Rxc7 32. Qxc7 Qxb4 33. Bd7 Ra2 34. Qe5+
Kg8 35. Qb8+ Kg7 36. Qe5+ Kg8 37. Qb8+ Kg7 38. Qe5+ 1/2-1/2

[Event "World Rapid 2025"]
[Site "Doha QAT"]
[Date "2025.12.26"]
[Round "1.40"]
[White "Suleymenov, Alisher"]
[Black "Martirosyan, Haik M."]
[Result "1/2-1/2"]
[WhiteTitle "GM"]
[BlackTitle "GM"]
[WhiteElo "2505"]
[BlackElo "2625"]
[WhiteFideId "13707833"]
[BlackFideId "13306553"]
[EventDate "2025.12.26"]
[EventType "rapid"]

1. d4 Nf6 2. c4 e6 3. Nc3 Bb4 4. a3 Bxc3+ 5. bxc3 Nc6 6. f3 b6 7. e4 Na5 8. Bd3
Ba6 9. Qe2 Nb3 10. Rb1 Nxc1 11. Rxc1 d6 12. f4 e5 13. fxe5 dxe5 14. Nf3 Nd7 15.
O-O O-O 16. a4 Qe7 17. a5 Bb7 18. Rcd1 Rae8 19. Rfe1 Qd6 20. Qb2 Qg6 21. a6 Bc8
22. Bc2 c5 23. Ba4 exd4 24. cxd4 cxd4 25. Qxd4 Nc5 26. Bxe8 Rxe8 27. Qd8 f6 28.
Qc7 Qf7 29. Qxf7+ Kxf7 30. e5 Bxa6 31. exf6 Rxe1+ 32. Rxe1 Kxf6 33. Ra1 Bxc4 34.
Rxa7 b5 35. Kf2 Nd3+ 36. Ke3 Nb4 37. Nd2 Bd5 38. g3 h6 39. Ne4+ Kg6 40. Nd6 Nc2+
41. Kf4 b4 42. Ke5 b3 43. Nf5 Bf7 44. Rb7 Na3 45. Nh4+ Kh7 46. Kd4 Be6 47. Kc3
Nb1+ 48. Kd3 Na3 49. Ng2 Bd5 50. Rb8 Bxg2 51. Rxb3 Nb5 52. Ke3 Nd6 53. h4 Bh3
54. Kf4 h5 55. Rd3 Ne8 56. Kg5 Bg4 57. Ra3 Nf6 58. Ra7 Nd5 59. Rb7 Nc3 60. Ra7
Nb5 61. Ra1 Nd4 62. Ra6 Ne2 63. Ra3 Nd4 64. Ra6 Nf3+ 65. Kf4 Ng1 66. Ra3 Ne2+
67. Kg5 Ng1 68. Kf4 Kh6 69. Ra6+ g6 70. Ra3 Kg7 71. Ra7+ Kh6 72. Ra3 Bf5 73. Ke3
Bg4 74. Kf4 Ne2+ 75. Ke5 Bf5 76. Kf6 Nd4 77. Ra8 Kh7 1/2-1/2

[Event "World Rapid 2025"]
[Site "Doha QAT"]
[Date "2025.12.26"]
[Round "1.41"]
[White "Van Foreest, Jorden"]
[Black "Gokerkan, Cem Kaan"]
[Result "1-0"]
[WhiteTitle "GM"]
[BlackTitle "GM"]
[WhiteElo "2692"]
[BlackElo "2510"]
[WhiteFideId "1039784"]
[BlackFideId "6336760"]
[EventDate "2025.12.26"]
[EventType "rapid"]

1. e4 e5 2. Nf3 Nc6 3. Bb5 a6 4. Ba4 Nf6 5. O-O Be7 6. d3 b5 7. Bb3 d6 8. c3 O-O
9. Bc2 Re8 10. Re1 Bf8 11. Bg5 h6 12. Bh4 g5 13. Bg3 Bg4 14. Nbd2 d5 15. a4 d4
16. axb5 axb5 17. Rxa8 Qxa8 18. c4 Bb4 19. cxb5 Na7 20. Bb3 Bxd2 21. Qxd2 Bxf3
22. gxf3 Qb7 23. h4 Nh7 24. hxg5 Nxg5 25. Kg2 Qxb5 26. Bc4 Qd7 27. Rh1 Kg7 28.
f4 exf4 29. Qxf4 Nb5 30. Qh4 Rh8 31. f4 Ne6 32. f5 Ng5 33. Bf4 f6 34. Qh5 Kf8
35. Qg6 Nd6 36. Qxf6+ Ngf7 37. Bxd6+ cxd6 38. Bxf7 1-0

[Event "World Rapid 2025"]
[Site "Doha QAT"]
[Date "2025.12.26"]
[Round "1.42"]
[White "Raja, Rithvik R"]
[Black "Ivanchuk, Vasyl"]
[Result "0-1"]
[WhiteTitle "GM"]
[BlackTitle "GM"]
[WhiteElo "2541"]
[BlackElo "2607"]
[WhiteFideId "35007394"]
[BlackFideId "14100010"]
[EventDate "2025.12.26"]
[EventType "rapid"]

1. d4 d6 2. e4 Nf6 3. Nc3 g6 4. Nf3 Bg7 5. Be2 O-O 6. O-O c6 7. a4 Nbd7 8. h3 e5
9. dxe5 dxe5 10. Bc4 Qc7 11. Be3 Re8 12. Ng5 Re7 13. a5 h6 14. Nf3 Nf8 15. Bc5
Rd7 16. Qe2 Rd8 17. Rfd1 Rxd1+ 18. Rxd1 Be6 19. b4 Ne8 20. Na4 Bxc4 21. Qxc4 Ne6
22. Be3 Nd6 23. Qd3 Rd8 24. Qe2 Nxe4 25. Rxd8+ Qxd8 26. Bxa7 N4g5 27. Be3 Nxf3+
28. Qxf3 Bf8 29. Qe4 Qd1+ 30. Kh2 Qb1 31. Bd2 Bd6 32. Qc4 e4+ 33. g3 Qd1 34. Be3
Qf3 35. Bb6 e3 36. Bxe3 Bxg3+ 37. fxg3 Qxe3 38. h4 Qf2+ 39. Kh3 Nd4 40. Nc5 h5
41. Ne4 Qf5+ 0-1

[Event "World Rapid 2025"]
[Site "Doha QAT"]
[Date "2025.12.26"]
[Round "1.43"]
[White "Harikrishna, Pentala"]
[Black "Chasin, Nico"]
[Result "1/2-1/2"]
[WhiteTitle "GM"]
[BlackTitle "IM"]
[WhiteElo "2693"]
[BlackElo "2517"]
[WhiteFideId "5007003"]
[BlackFideId "30908477"]
[EventDate "2025.12.26"]
[EventType "rapid"]

1. Nf3 d5 2. g3 Bg4 3. Bg2 c6 4. h3 Bxf3 5. Bxf3 Nd7 6. Bg2 Ngf6 7. d4 e5 8. O-O
exd4 9. Qxd4 Bc5 10. Qc3 O-O 11. Nd2 Re8 12. e3 a5 13. a4 Qe7 14. Qb3 Ne5 15. c3
h5 16. Qc2 Rad8 17. Nb3 Bb6 18. Nd4 c5 19. Nf3 Bc7 20. Ng5 h4 21. g4 g6 22. f4
Nc4 23. Rf3 Nd6 24. Rf1 Nc4 25. Rf3 Nd6 26. Rf1 Nc4 1/2-1/2

[Event "World Rapid 2025"]
[Site "Doha QAT"]
[Date "2025.12.26"]
[Round "1.44"]
[White "Sankalp, Gupta"]
[Black "Salem, A.R. Saleh"]
[Result "0-1"]
[WhiteTitle "GM"]
[BlackTitle "GM"]
[WhiteElo "2557"]
[BlackElo "2635"]
[WhiteFideId "5097010"]
[BlackFideId "9301348"]
[EventDate "2025.12.26"]
[EventType "rapid"]

1. e4 c5 2. Nf3 d6 3. d4 cxd4 4. Nxd4 Nf6 5. Nc3 a6 6. h3 e6 7. g4 Be7 8. g5
Nfd7 9. Bg2 O-O 10. h4 Nc6 11. b3 Nc5 12. f4 Bd7 13. Be3 Rc8 14. Qd2 b5 15.
O-O-O Qc7 16. f5 Nxd4 17. Bxd4 b4 18. Ne2 exf5 19. Nf4 fxe4 20. Nd5 Qd8 21. Bxc5
Rxc5 22. Bxe4 Re8 23. Qd3 Bb5 24. Qf3 Bf8 25. Kb1 Re5 26. Rhg1 Kh8 27. Qxf7 Qe8
28. Qxe8 Rxe8 29. Bf3 a5 30. h5 Bd7 31. g6 Bf5 32. Rg2 Rec8 33. Ne3 Be6 34. Bg4
Bxg4 35. Rxg4 Rxh5 36. Nc4 hxg6 37. Rxg6 Rh6 38. Rgg1 Rc5 39. Rde1 Kg8 40. Re8
Rf6 41. Ra8 d5 42. Ne5 Rc7 43. Rd1 Re7 44. Rxd5 Rf5 45. Raxa5 g5 46. Kc1 Bg7 47.
Ng4 Re1+ 48. Kd2 Bc3+ 49. Kd3 Rd1+ 50. Ke4 Rf4+ 51. Ke3 Rxd5 52. Rxd5 Rxg4 53.
Ra5 Kg7 54. a3 bxa3 55. Rxa3 Kf6 56. Ra8 Kf5 57. Rf8+ Bf6 58. Kd2 Rd4+ 59. Ke3
Re4+ 60. Kd3 Re7 0-1